[Event "As CC-ch A"]
[Site "As"]
[Date "2020.01.16"]
[Round "1"]
[White "Moberg, Jan Rune"]
[Black "Lund, Petter"]
[Result "1-0"]
[WhiteElo "1631"]
[BlackElo "1600"]
[PlyCount "66"]
[EventDate "2020.01.16"]
[EventType "swiss"]
[EventRounds "6"]
[EventCountry "NOR"]
[SourceTitle "EXT 2024"]
[Source "ChessBase"]
[SourceDate "2023.10.10"]
[SourceVersion "1"]
[SourceVersionDate "2023.10.10"]
[SourceQuality "1"]

1. c4 c5 2. g3 Nf6 3. Bg2 d5 4. cxd5 Nxd5 5. e4 Nb6 6. d3 e5 7. a4 Nc6 8. Na3 c4 9. a5 Bb4+ 10. Bd2 Bxa5 11. Nxc4 Nxc4 12. dxc4 Qxd2+ 13. Qxd2 Bxd2+ 14. Kxd2 Nd4 15. Kc3 Be6 16. f4 f6 17. Nf3 Nc6 18. b4 Bg4 19. Rhf1 Ke7 20. fxe5 Bxf3 21. exf6+ gxf6 22. Rxf3 Ne5 23. Rff1 Rhc8 24. c5 b6 25. Bh3 Rc6 26. Kd4 bxc5+ 27. bxc5 a5 28. Rfb1 Rd8+ 29. Ke3 Rxc5 30. Rb7+ Kf8 31. Rf1 Nc4+ 32. Kf2 Rh5 33. Bg2 Rd2+ 1-0

[Event "As Follo CC-chA"]
[Site "As"]
[Date "2019.03.07"]
[Round "7"]
[White "Bakken, Svein Erik"]
[Black "Lund, Petter"]
[Result "0-1"]
[WhiteElo "1621"]
[BlackElo "1649"]
[PlyCount "124"]
[EventDate "2019.01.10"]
[EventType "tourn"]
[EventRounds "9"]
[EventCountry "NOR"]
[SourceTitle "EXT 2024"]
[Source "ChessBase"]
[SourceDate "2023.10.10"]
[SourceVersion "1"]
[SourceVersionDate "2023.10.10"]
[SourceQuality "1"]

1. d4 Nf6 2. c4 e5 3. dxe5 Ng4 4. e3 Nxe5 5. a3 d6 6. Be2 Be6 7. Qc2 Be7 8. Nd2 Nbd7 9. Ngf3 Bg4 10. 0-0 0-0 11. b4 Bf6 12. Bb2 Re8 13. Rfe1 Nxf3+ 14. Nxf3 Bxb2 15. Qxb2 Qf6 16. Qd2 Rad8 17. Red1 Nb6 18. Rac1 d5 19. c5 Nc4 20. Qc3 Ne5 21. Nd4 c6 22. h3 Bxe2 23. Nxe2 Re6 24. Nd4 Ree8 25. Qb3 Nc4 26. Qc3 Qg6 27. Re1 Re7 28. Re2 Rde8 29. Rce1 Re4 30. Nf3 f5 31. Kf1 h6 32. Ra2 Kf7 33. a4 Qf6 34. Qxf6+ Kxf6 35. Rd1 g5 36. Nd4 f4 37. exf4 Rxf4 38. Kg1 Rfe4 39. b5 Re1+ 40. Rxe1 Rxe1+ 41. Kh2 Na5 42. bxc6 bxc6 43. Rb2 Rc1 44. Re2 Rxc5 45. Re6+ Kf7 46. Rxh6 Rc4 47. Nf5 Rf4 48. Nd6+ Kg7 49. Re6 Rxf2 50. Re7+ Kg6 51. Rxa7 Nb3 52. Ra6 Nd4 53. Nc8 Rc2 54. Ne7+ Kf7 55. Ra7 Ke6 56. Nc8 Nf5 57. a5 d4 58. Nb6 Ne3 59. Rd7 Rxg2+ 60. Kh1 Ra2 61. Rxd4 Rxa5 62. Rd2 Ra1+ 0-1

[Event "As Follo CC-chA"]
[Site "As"]
[Date "2019.02.14"]
[Round "5"]
[White "Moberg, Jan Rune"]
[Black "Lund, Petter"]
[Result "1/2-1/2"]
[WhiteElo "1661"]
[BlackElo "1649"]
[PlyCount "104"]
[EventDate "2019.01.10"]
[EventType "tourn"]
[EventRounds "9"]
[EventCountry "NOR"]
[SourceTitle "EXT 2024"]
[Source "ChessBase"]
[SourceDate "2023.10.10"]
[SourceVersion "1"]
[SourceVersionDate "2023.10.10"]
[SourceQuality "1"]

1. Nf3 d5 2. d4 Nf6 3. c4 e6 4. g3 Bb4+ 5. Bd2 Bxd2+ 6. Qxd2 0-0 7. Bg2 c6 8. 0-0 dxc4 9. a4 a5 10. Na3 Na6 11. Nxc4 Nb4 12. Nfe5 Qc7 13. Rfc1 Rd8 14. e4 Nd7 15. Nf3 b6 16. Qe3 Bb7 17. h4 Ba6 18. Na3 Rac8 19. h5 Nf6 20. Nb5 Bxb5 21. axb5 Qd7 22. h6 Ng4 23. Qg5 Nxh6 24. bxc6 Rxc6 25. Ne5 Rxc1+ 26. Rxc1 Qxd4 27. Nc6 Nxc6 28. Rxc6 Qd1+ 29. Bf1 Qd4 30. Rc4 Qd7 31. Qe5 Ng4 32. Qf4 Nf6 33. Be2 Rc8 34. Qc1 Rxc4 35. Qxc4 b5 36. Qxb5 Qxb5 37. Bxb5 Nxe4 38. Kg2 Kf8 39. Kf3 Nd6 40. Bd3 h6 41. Ke3 Ke7 42. Kd4 Kd7 43. Kc5 Kc7 44. b3 f5 45. f3 h5 46. Kd4 Nf7 47. Kc5 Ne5 48. Be2 Nc6 49. Bc4 e5 50. Bf7 h4 51. gxh4 e4 52. fxe4 fxe4 1/2-1/2

[Event "As CC-ch A"]
[Site "As"]
[Date "2017.03.02"]
[Round "6"]
[White "Lund, Petter"]
[Black "Lea, Per"]
[Result "0-1"]
[WhiteElo "1583"]
[BlackElo "1533"]
[PlyCount "102"]
[EventDate "2017.01.12"]
[EventType "tourn"]
[EventRounds "9"]
[EventCountry "NOR"]
[SourceTitle "EXT 2024"]
[Source "ChessBase"]
[SourceDate "2023.10.10"]
[SourceVersion "1"]
[SourceVersionDate "2023.10.10"]
[SourceQuality "1"]

1. d4 d5 2. Nf3 e6 3. Nc3 c5 4. e3 Nf6 5. Be2 Nc6 6. 0-0 Be7 7. a3 a5 8. b3 0-0 9. Na4 b6 10. Bb2 cxd4 11. Nxd4 Bd7 12. Nb5 Na7 13. Nac3 Ne8 14. a4 Bf6 15. Rb1 Nxb5 16. axb5 Nc7 17. Qd2 Rc8 18. Rfd1 Qe8 19. Ba3 Bxc3 20. Qxc3 Nxb5 21. Qb2 Rxc2 22. Qxc2 Nxa3 23. Qc7 Nxb1 24. Rxb1 Bb5 25. Bf3 Qc6 26. Qxc6 Bxc6 27. Rc1 Rc8 28. e4 dxe4 29. Bxe4 Bd7 30. Rd1 Kf8 31. h4 Ke7 32. h5 h6 33. Rd3 f5 34. Bf3 e5 35. g3 e4 36. Re3 Kf6 37. Be2 Rc1+ 38. Kg2 Rb1 39. Rc3 a4 40. bxa4 Bxa4 41. Rc7 Bb5 42. Bxb5 Rxb5 43. Rc6+ Kg5 44. Rg6+ Kxh5 45. Rxg7 Rb2 46. Kf1 b5 47. Ke1 b4 48. Kf1 b3 49. Ke1 Ra2 50. Rb7 b2 51. Kd1 Ra1+ 0-1

[Event "As CC-ch A"]
[Site "As"]
[Date "2017.02.23"]
[Round "5"]
[White "Moberg, Jan Rune"]
[Black "Lund, Petter"]
[Result "1-0"]
[WhiteElo "1529"]
[BlackElo "1583"]
[PlyCount "125"]
[EventDate "2017.01.12"]
[EventType "tourn"]
[EventRounds "9"]
[EventCountry "NOR"]
[SourceTitle "EXT 2024"]
[Source "ChessBase"]
[SourceDate "2023.10.10"]
[SourceVersion "1"]
[SourceVersionDate "2023.10.10"]
[SourceQuality "1"]

1. d4 Nf6 2. c4 e5 3. Bg5 h6 4. Bxf6 Qxf6 5. dxe5 Bb4+ 6. Nd2 Qxe5 7. Qc2 Nc6 8. Ngf3 Nd4 9. Nxd4 Qxd4 10. e3 Qg4 11. h3 Qg5 12. Qe4+ Be7 13. Bd3 d6 14. 0-0 f5 15. Qd5 c6 16. Qa5 b6 17. Qc3 Bf6 18. Qc2 0-0 19. Nf3 Qh5 20. Rad1 Be5 21. Be2 Qf7 22. c5 Qc7 23. cxd6 Bxd6 24. Nd4 Bc5 25. Bf3 Bd7 26. b4 Bxd4 27. Qc4+ Kh8 28. Qxd4 Rad8 29. Qd6 Qc8 30. Qf4 Be6 31. a3 Bd5 32. Bxd5 cxd5 33. Rc1 Qe6 34. Rc7 Rd7 35. Rfc1 Rff7 36. Rc8+ Kh7 37. R1c6 Qe4 38. Qg3 f4 39. exf4 Rxf4 40. Re8 Qb1+ 41. Kh2 Qf5 42. Rcc8 Qg5 43. Rh8+ Kg6 44. Qd3+ Qf5 45. Rc6+ Kg5 46. Qe3 d4 47. Qd2 Qe5 48. g3 Rdf7 49. Rc2 Kg6 50. gxf4 Rxf4 51. Qd3+ Kh5 52. Qg3 d3 53. Rd2 g5 54. Rd8 Qe4 55. R8xd3 g4 56. Re3 Qc4 57. hxg4+ Rxg4 58. Qe5+ Rg5 59. Rh3+ Kg6 60. Rd6+ Kf7 61. Rf3+ Kg8 62. Qe8+ Kh7 63. Rd7+ 1-0

[Event "AS CC-ch A"]
[Site "As"]
[Date "2016.03.31"]
[Round "8"]
[White "Johnson, David"]
[Black "Lund, Petter"]
[Result "1-0"]
[WhiteElo "1431"]
[BlackElo "1565"]
[PlyCount "111"]
[EventDate "2016.01.14"]
[EventType "tourn"]
[EventRounds "9"]
[EventCountry "NOR"]
[SourceTitle "EXT 2024"]
[Source "ChessBase"]
[SourceDate "2023.10.10"]
[SourceVersion "1"]
[SourceVersionDate "2023.10.10"]
[SourceQuality "1"]

1. e4 d6 2. Nc3 Nf6 3. Bc4 e6 4. d3 Be7 5. Bb3 Nc6 6. a3 Nd4 7. Ba2 e5 8. h3 Be6 9. Nd5 Nxd5 10. exd5 Bd7 11. c3 Nf5 12. Nf3 0-0 13. 0-0 Nh4 14. Nxh4 Bxh4 15. Qf3 f5 16. g3 Bg5 17. Bxg5 Qxg5 18. Rae1 f4 19. Kh2 fxg3+ 20. Qxg3 Qd2 21. Rb1 Rf7 22. Kg1 Raf8 23. f4 Rxf4 24. Rxf4 Rxf4 25. Bc4 Rf6 26. Kh1 Bxh3 27. Rg1 Qh6 28. Qh2 Qe3 29. Qg3 Qxg3 30. Rxg3 Bd7 31. Kg2 Kf7 32. Re3 Rf4 33. Bb3 Kf6 34. Re1 h6 35. Kg3 c5 36. dxc6 Bxc6 37. d4 exd4 38. Kxf4 dxc3 39. bxc3 d5 40. Bd1 Bd7 41. Bf3 Be6 42. Rg1 b6 43. Ke3 Bf7 44. Kd4 h5 45. Rf1 Kg5 46. Bh1 Be6 47. Ke5 Bg4 48. Kxd5 Kh4 49. Kc6 g5 50. Kb7 Bh3 51. Rg1 g4 52. Kxa7 g3 53. Kxb6 Kg4 54. a4 Kf4 55. a5 Bc8 56. a6 1-0

[Event "AS CC-ch A"]
[Site "As"]
[Date "2016.01.14"]
[Round "1"]
[White "Moberg, Jan Rune"]
[Black "Lund, Petter"]
[Result "0-1"]
[WhiteElo "1523"]
[BlackElo "1565"]
[PlyCount "73"]
[EventDate "2016.01.14"]
[EventType "tourn"]
[EventRounds "9"]
[EventCountry "NOR"]
[SourceTitle "EXT 2024"]
[Source "ChessBase"]
[SourceDate "2023.10.10"]
[SourceVersion "1"]
[SourceVersionDate "2023.10.10"]
[SourceQuality "1"]

1. d4 Nf6 2. Bg5 d5 3. Nf3 e6 4. e3 Be7 5. Nbd2 b6 6. Bb5+ Bd7 7. c4 Bxb5 8. cxb5 0-0 9. Rc1 a6 10. a4 axb5 11. axb5 Qd7 12. Qb3 Ra5 13. Ne5 Qxb5 14. Qxb5 Rxb5 15. Rxc7 Bd6 16. Rc2 Ne4 17. Nxe4 dxe4 18. Nc4 Bb4+ 19. Nd2 Rxg5 20. 0-0 Bxd2 21. Rxd2 Rc8 22. Ra1 Ra5 23. Rb1 Na6 24. b4 Nxb4 25. Rdb2 Nd5 26. g3 Nc3 27. Re1 b5 28. Kg2 Ra2 29. Rb3 Ra4 30. Rc1 b4 31. g4 g5 32. h4 h6 33. hxg5 hxg5 34. Rh1 Nd5 35. f3 Rc3 36. Rxc3 bxc3 37. fxe4 0-1

[Event "Asker CC-ch"]
[Site "Asker"]
[Date "2011.04.04"]
[Round "8"]
[White "Odegaard, Per"]
[Black "Lund, Petter"]
[Result "1-0"]
[WhiteElo "1705"]
[BlackElo "1574"]
[PlyCount "62"]
[EventDate "2011.01.17"]
[EventType "swiss"]
[EventRounds "9"]
[EventCountry "NOR"]
[SourceTitle "EXT 2024"]
[Source "ChessBase"]
[SourceDate "2023.10.10"]
[SourceVersion "1"]
[SourceVersionDate "2023.10.10"]
[SourceQuality "1"]

1. e4 c5 2. Nf3 d6 3. d4 cxd4 4. Nxd4 Nf6 5. Nc3 a6 6. Bc4 e6 7. Be3 Be7 8. Qd2 0-0 9. f3 b5 10. Bb3 e5 11. Nf5 Bxf5 12. exf5 Nc6 13. 0-0-0 Rb8 14. g4 a5 15. g5 b4 16. gxf6 bxc3 17. Qxc3 Nd4 18. Bxd4 exd4 19. fxe7 dxc3 20. exd8Q cxb2+ 21. Kxb2 Rfxd8 22. Rd4 Rb5 23. Rhd1 Kf8 24. Rd5 Rdb8 25. a4 Rc5 26. Rxc5 dxc5 27. Kc3 Ke7 28. Rd5 Rc8 29. Kc4 Rb8 30. Rxc5 Rb7 31. Rxa5 g5 1-0

[Event "Asker CC-ch"]
[Site "Asker"]
[Date "2011.02.07"]
[Round "3"]
[White "Tari, Aryan"]
[Black "Lund, Petter"]
[Result "0-1"]
[WhiteElo "2161"]
[BlackElo "1574"]
[PlyCount "84"]
[EventDate "2011.01.17"]
[EventType "swiss"]
[EventRounds "9"]
[EventCountry "NOR"]
[SourceTitle "EXT 2024"]
[Source "ChessBase"]
[SourceDate "2023.10.10"]
[SourceVersion "1"]
[SourceVersionDate "2023.10.10"]
[SourceQuality "1"]

1. e4 e5 2. Nf3 Nc6 3. Bb5 a6 4. Ba4 Nf6 5. 0-0 b5 6. Bb3 Be7 7. Re1 0-0 8. h3 d6 9. c3 Na5 10. Bc2 c5 11. d4 Qc7 12. d5 Nc4 13. b3 Nb6 14. Nbd2 a5 15. a4 Bd7 16. axb5 Bxb5 17. c4 Bd7 18. Bb2 Ra7 19. Bc3 Rfa8 20. Qe2 a4 21. b4 cxb4 22. Bxb4 a3 23. Nxe5 Ba4 24. Bxa4 Rxa4 25. Nc6 Bf8 26. Nb3 Re8 27. Qd3 a2 28. Nbd4 Nfd7 29. Nb5 Qb7 30. Qb3 Nc5 31. Bxc5 dxc5 32. Rxa2 Rxc4 33. Ra7 Qc8 34. Nc7 Rexe4 35. Rxe4 Rxe4 36. Qxb6 Re1+ 37. Kh2 Qf5 38. Ne7+ Rxe7 39. Qxc5 Re2 40. Qd4 Bd6+ 41. f4 Bxf4+ 42. Kg1 Qb1+ 0-1

[Event "Asker CC-ch"]
[Site "Asker"]
[Date "2011.01.24"]
[Round "2"]
[White "Lund, Petter"]
[Black "Lilleseth, Eivind"]
[Result "0-1"]
[WhiteElo "1574"]
[BlackElo "1610"]
[PlyCount "40"]
[EventDate "2011.01.17"]
[EventType "swiss"]
[EventRounds "9"]
[EventCountry "NOR"]
[SourceTitle "EXT 2024"]
[Source "ChessBase"]
[SourceDate "2023.10.10"]
[SourceVersion "1"]
[SourceVersionDate "2023.10.10"]
[SourceQuality "1"]

1. e4 e6 2. d4 d5 3. Bd3 c5 4. c3 Nc6 5. Nf3 Nf6 6. e5 Nd7 7. 0-0 Qb6 8. Ng5 cxd4 9. Nxf7 Kxf7 10. Qh5+ Kg8 11. f4 dxc3+ 12. Kh1 cxb2 13. Qe8 Nd4 14. f5 bxc1Q 15. Rxc1 Nxe5 16. fxe6 Qxe6 17. Qxe6+ Bxe6 18. Rd1 Bc5 19. a4 Nxd3 20. Rxd3 Nc2 0-1

[Event "NOR-chT Clubs"]
[Site "Drammen"]
[Date "2010.10.09"]
[Round "3.59"]
[White "Rundgren, Anders"]
[Black "Lund, Petter"]
[Result "1-0"]
[WhiteElo "1745"]
[BlackElo "1552"]
[PlyCount "61"]
[EventDate "2010.10.08"]
[EventType "team"]
[EventRounds "6"]
[EventCountry "NOR"]
[SourceTitle "EXT 2015"]
[Source "ChessBase"]
[SourceDate "2014.11.20"]
[SourceVersion "1"]
[SourceVersionDate "2014.11.20"]
[SourceQuality "1"]
[WhiteTeam "OSS III"]
[BlackTeam "Asker II"]
[WhiteTeamCountry "NOR"]
[BlackTeamCountry "NOR"]

1. e4 e5 2. Nf3 Nc6 3. Bb5 a6 4. Ba4 Nf6 5. d3 b5 6. Bb3 Be7 7. 0-0 d6 8. c3 0-0 9. Re1 Bg4 10. Nbd2 Na5 11. Bc2 c5 12. Nf1 Nc6 13. h3 Bxf3 14. Qxf3 d5 15. Ne3 d4 16. Nf5 Kh8 17. Bg5 Ne8 18. Nxe7 Nxe7 19. cxd4 cxd4 20. Rac1 f6 21. Bb3 Nc7 22. Bd2 a5 23. a3 Qd6 24. Qg4 Nc6 25. Rc2 a4 26. Rec1 Ra6 27. Ba2 b4 28. Bxb4 Nxb4 29. Rxc7 g6 30. axb4 f5 31. Qh4 1-0

[Event "Asker CC-ch"]
[Site "Asker"]
[Date "2010.03.15"]
[Round "6"]
[White "Tari, Aryan"]
[Black "Lund, Petter"]
[Result "1/2-1/2"]
[WhiteElo "1974"]
[BlackElo "1502"]
[PlyCount "96"]
[EventDate "2010.01.18"]
[EventType "swiss"]
[EventRounds "9"]
[EventCountry "NOR"]
[SourceTitle "EXT 2024"]
[Source "ChessBase"]
[SourceDate "2023.10.10"]
[SourceVersion "1"]
[SourceVersionDate "2023.10.10"]
[SourceQuality "1"]

1. e4 e5 2. Nf3 Nc6 3. Bb5 a6 4. Ba4 Nf6 5. 0-0 b5 6. Bb3 Be7 7. Re1 d6 8. c3 Bg4 9. d3 0-0 10. Nbd2 Na5 11. Bc2 c5 12. Nf1 Nc6 13. Ne3 Bh5 14. Nf5 Bg6 15. Ng3 Ne8 16. d4 c4 17. Be3 Qd7 18. dxe5 Qb7 19. exd6 Bxd6 20. e5 Nxe5 21. Nxe5 Bxc2 22. Qxc2 Bxe5 23. Nf5 Qc7 24. h3 Nf6 25. Rad1 Rfe8 26. Rf1 Rad8 27. f4 Bd6 28. Qf2 Ne4 29. Qf3 Bc5 30. Bd4 Bxd4+ 31. Nxd4 Qb6 32. Rfe1 f5 33. Kh2 Qg6 34. g4 fxg4 35. hxg4 Nf6 36. g5 Qh5+ 37. Kg3 Qg6 38. Kh2 Qh5+ 39. Qxh5 Nxh5 40. f5 Nf4 41. Rf1 Nd3 42. f6 Kf7 43. Rd2 g6 44. Rf3 Rd5 45. Rg3 h6 46. gxh6 Rh8 47. Re2 Rxh6+ 48. Kg1 Re5 1/2-1/2

[Event "Asker CC-ch"]
[Site "Asker"]
[Date "2010.03.08"]
[Round "5"]
[White "Lund, Petter"]
[Black "Lilleseth, Eivind"]
[Result "1/2-1/2"]
[WhiteElo "1502"]
[BlackElo "1563"]
[PlyCount "157"]
[EventDate "2010.01.18"]
[EventType "swiss"]
[EventRounds "9"]
[EventCountry "NOR"]
[SourceTitle "EXT 2024"]
[Source "ChessBase"]
[SourceDate "2023.10.10"]
[SourceVersion "1"]
[SourceVersionDate "2023.10.10"]
[SourceQuality "1"]

1. e4 e6 2. d4 d5 3. Bd3 c5 4. exd5 Qxd5 5. Nf3 cxd4 6. c3 dxc3 7. Nxc3 Bb4 8. Qc2 Nc6 9. Bd2 Bxc3 10. Bxc3 Nf6 11. 0-0 h6 12. Bxf6 gxf6 13. Be4 Qb5 14. Rac1 Qb6 15. Bxc6+ bxc6 16. Qxc6+ Qxc6 17. Rxc6 Bb7 18. Rc3 Bd5 19. a3 0-0 20. Rfc1 Kg7 21. Nd4 Rab8 22. b4 Rb6 23. Rc7 a6 24. Nc6 h5 25. f3 Kg6 26. Ne7+ Kg5 27. Nxd5 exd5 28. Rd7 Rb5 29. Kf2 Kg6 30. h4 a5 31. Rc5 Rfb8 32. Rdxd5 Rxc5 33. bxc5 Rb2+ 34. Kg3 Rc2 35. c6 Rxc6 36. Rxa5 f5 37. Ra8 Rc4 38. a4 f4+ 39. Kh2 Rb4 40. a5 Ra4 41. Rg8+ Kh6 42. Ra8 Kg7 43. a6 Ra2 44. Kh3 Ra3 45. a7 Kh7 46. Kh2 Ra2 47. Kg1 Kg7 48. Kf1 Kf6 49. Rh8 Rxa7 50. Rxh5 Ra2 51. Kg1 Ra4 52. Kh2 Ra2 53. Kh3 Rb2 54. Rg5 Rc2 55. Rg8 Kf5 56. Rb8 Kg6 57. Rb4 Kf5 58. Rb5+ Kg6 59. Rg5+ Kf6 60. Rg4 Kf5 61. h5 Rc1 62. Kh2 Rc6 63. Rh4 Rh6 64. Kh3 f6 65. g3 fxg3 66. Kxg3 Kg5 67. f4+ Kf5 68. Kf3 Rh7 69. h6 Kg6 70. Ke4 Re7+ 71. Kd5 Kh7 72. Kd4 Re2 73. Rh5 Re6 74. Rh3 Re1 75. Kd5 Re2 76. Rh5 Re8 77. Kd6 Kg6 78. Rh4 Kh7 79. Kd5 1/2-1/2

[Event "Asker CC-ch"]
[Site "Asker"]
[Date "2010.01.25"]
[Round "2"]
[White "Rostad, Rolf"]
[Black "Lund, Petter"]
[Result "1-0"]
[WhiteElo "1846"]
[BlackElo "1502"]
[PlyCount "67"]
[EventDate "2010.01.18"]
[EventType "swiss"]
[EventRounds "9"]
[EventCountry "NOR"]
[SourceTitle "EXT 2024"]
[Source "ChessBase"]
[SourceDate "2023.10.10"]
[SourceVersion "1"]
[SourceVersionDate "2023.10.10"]
[SourceQuality "1"]

1. e4 e5 2. Nf3 Nc6 3. Bb5 a6 4. Ba4 Be7 5. 0-0 Nf6 6. Bxc6 dxc6 7. Qe1 Qd6 8. d3 Bg4 9. Nbd2 h6 10. Nc4 Qe6 11. Nfxe5 Bh5 12. f4 Bd6 13. Nxd6+ cxd6 14. Nf3 0-0-0 15. a4 Bxf3 16. Rxf3 d5 17. e5 Nd7 18. d4 f5 19. b4 Nf6 20. b5 axb5 21. axb5 Ne4 22. Qa5 c5 23. dxc5 g5 24. c6 bxc6 25. Qb6 Kd7 26. Ra7+ Ke8 27. bxc6 gxf4 28. Bxf4 Rg8 29. Rb3 Rg6 30. Qc7 Nd6 31. Rb8 Nc8 32. Raa8 Qe7 33. Qxe7+ Kxe7 34. c7 1-0